00737nam a22002057a 4500003001700000005001700017008004100034020001800075040000700093041001200100082001400112100001800126245002500144260003700169300003000206365006200236520018400298650002700482700002200509St Aloysius Coll20251029113758.0251029b |||||||| |||| 00| 0 eng d a9789332517080 cAL aEnglish a153bLINC aJonathan Ling aCognitive psychology aEnglandbPearson Educationc2012 axii,244p.bPBc24x15.4cm. 2Generala4225b₹448.00c₹d₹560.00e20%f23/10/2025 aA brief history of cognitive psychology; perception; attention; theories of memory; cognition and emotion; Human and computer intelligence; Problem solving thinking and reasoning. 2PsychologyaPsychology aCatling, Jonathan